000 00305nam a22001337a 4500
008 170608b xxu||||| |||| 00| 0 eng d
020 _a0718902599
041 _aeng
080 _a94
100 _a18
101 _aSHH
245 _aTHE MODERN HISTORY OF KUWAIT 1750-1965
_cHAKIMAN,A.M
942 _2udc
_cBK
999 _c16399
_d16399